Music Quiz

Random Music or Lyrics Quiz

If I Can't Love Her beauty and the beast lyrics Quiz Stats

 Plays Quiz not verified by Sporcle

Challenge
Share
Tweet
Embed
Score 0/172 Timer 10:00
0 Plays Today
% Correct
???
96.2%
???
96.2%
???
96.2%
???
96.2%
???
96.2%
???
96.2%
???
96.2%
???
96.2%
???
96.2%
???
96.2%
???
89.7%
???
89.7%
???
89.7%
???
89.7%
???
89.7%
???
89.7%
???
89.7%
???
89.7%
???
89.7%
???
89.7%
???
88.5%
???
88.5%
???
88.5%
???
88.5%
???
88.5%
???
88.5%
???
88.5%
???
88.5%
???
88.5%
???
88.5%
???
88.5%
???
88.5%
???
87.2%
???
87.2%
???
87.2%
???
87.2%
???
87.2%
???
85.9%
???
85.9%
???
85.9%
???
85.9%
???
78.2%
???
78.2%
???
78.2%
???
78.2%
???
78.2%
???
78.2%
???
78.2%
???
78.2%
???
78.2%
???
78.2%
???
78.2%
???
78.2%
???
78.2%
???
78.2%
???
78.2%
???
78.2%
???
78.2%
% Correct
???
76.9%
???
76.9%
???
76.9%
???
76.9%
???
76.9%
???
76.9%
???
76.9%
???
76.9%
???
76.9%
???
76.9%
???
73.1%
???
71.8%
???
71.8%
???
71.8%
???
70.5%
???
70.5%
???
70.5%
???
70.5%
???
70.5%
???
70.5%
???
70.5%
???
70.5%
???
70.5%
???
69.2%
???
69.2%
???
69.2%
???
69.2%
???
69.2%
???
67.9%
???
67.9%
???
67.9%
???
66.7%
???
66.7%
???
66.7%
???
66.7%
???
66.7%
???
66.7%
???
65.4%
???
64.1%
???
64.1%
???
64.1%
???
64.1%
???
64.1%
???
64.1%
???
64.1%
???
64.1%
???
64.1%
???
64.1%
???
62.8%
???
61.5%
???
61.5%
???
61.5%
???
60.3%
???
60.3%
???
60.3%
???
60.3%
???
60.3%
???
60.3%
% Correct
???
60.3%
???
59%
???
59%
???
59%
???
59%
???
59%
???
57.7%
???
56.4%
???
56.4%
???
56.4%
???
56.4%
???
55.1%
???
55.1%
???
55.1%
???
53.8%
???
53.8%
???
53.8%
???
53.8%
???
53.8%
???
52.6%
???
52.6%
???
52.6%
???
52.6%
???
52.6%
???
51.3%
???
51.3%
???
51.3%
???
51.3%
???
51.3%
???
50%
???
50%
???
50%
???
48.7%
???
48.7%
???
48.7%
???
48.7%
???
48.7%
???
48.7%
???
47.4%
???
47.4%
???
47.4%
???
47.4%
???
47.4%
???
47.4%
???
46.2%
???
46.2%
???
44.9%
???
44.9%
???
44.9%
???
43.6%
???
41%
???
41%
???
39.7%
???
38.5%
???
37.2%
???
6.4%

You're not logged in!

Compare scores with friends on all Sporcle quizzes.
Join for Free
OR
Log In

You Might Also Like...

Show Comments

Extras

Top Quizzes Today


Score Distribution

Your Account Isn't Verified!

In order to create a playlist on Sporcle, you need to verify the email address you used during registration. Go to your Sporcle Settings to finish the process.

Report this User

Report this user for behavior that violates our Community Guidelines.

Details: